Ceny a hodnoty cenných papierov v právnych normách

Potreba orientácie finančných manažérov v oblasti ohodnocovania a oceňovania cenných papierov. Zákon o cenných papieroch a investičných službách. Vyhláška Min. spravodlivosti SR o stanovení všeobecnej hodnoty majetku. Zákon o účtovníctve. Vyhláška Min. financií SR o spôsobe určenia hodnoty cenných p...

Ausführliche Beschreibung

Gespeichert in:
Bibliographische Detailangaben
1. Verfasser: Hrvoľová, Božena
Format: Buchkapitel
Sprache:Slowakisch
Schlagworte:
Tags: Tag hinzufügen
Keine Tags, Fügen Sie das erste Tag hinzu!

MARC

LEADER 00000naa$a2200000$$$4500
001 0066742
005 20240502071808.2
041 0 |a slo 
044 |a SK 
245 1 0 |a Ceny a hodnoty cenných papierov v právnych normách  |c Božena Hrvoľová 
520 |a Potreba orientácie finančných manažérov v oblasti ohodnocovania a oceňovania cenných papierov. Zákon o cenných papieroch a investičných službách. Vyhláška Min. spravodlivosti SR o stanovení všeobecnej hodnoty majetku. Zákon o účtovníctve. Vyhláška Min. financií SR o spôsobe určenia hodnoty cenných papierov. 
610 2 0 |a papiere cenné 
610 2 0 |a ceny 
610 2 0 |a hodnota 
610 2 0 |a normy právne 
610 2 0 |a zákony 
610 2 0 |a Slovensko 
100 1 |a Hrvoľová, Božena